Top 10 Pays les plus racistes - Statistiques

Statistiques générales
  • Ce quiz a été pris 1 027 fois
  • Le résultat moyen est 4 sur 10
Statistiques - réponses
Hint Réponse % Correct
10. Afrique du nord Tunisie
67%
5. Moyen Orient Israël
65%
1. Moyen Orient Iran
64%
3. Asie de l'Est Corée du Sud
52%
2. Europe de l'Est Biélorussie
41%
6. Souvent à la frontière Europe/Asie, mais classé en Asie Azerbaidjan
25%
8. Moyen Orient Koweit
22%
9. Moyen-Orient, Golfe Persique Bahrein
19%
7. Asie centrale Ouzbékistan
17%
4. Asie du Sud Est Myanmar
5%
Aucun quiz correspondant
Distribution des résultats
% des personnes avec chaque résultat
Percentile par nombre de réponses
Votre historique - résultats
Vous n’avez pas pris ce quiz